Guía de los anticonceptivos hormonales (Registro nro. 991)
[ vista simple ]
| 000 -Cabecera | |
|---|---|
| Campo de control de longitud fija | 00789aam a2200289 4500 |
| 005 - Fecha y hora de la última transacción | |
| Campo de control | 20250529143647.0 |
| 008 - Elementos de longitud fija--Información general | |
| Campo de control de longitud fija | 150325b2008 xxu||||| |||| 00| 0 spa d |
| 020 ## - International Standard Book Number | |
| Número Internacional Estándar del Libro (ISBN) | 9789968832359 |
| 041 ## - Idioma | |
| Código de idioma | Español |
| 082 ## - Clasificación Decimal Dewey | |
| Número de clasificación | 613.94 F363g |
| 100 ## - Entrada principal--Autor personal | |
| Nombre personal | Fernández Sandi, Mauro |
| 9 (RLIN) | 22188 |
| 100 ## - Entrada principal--Autor personal | |
| Nombre personal | Soto Pérez, Jorge |
| 245 ## - Título propiamente dicho | |
| Título | Guía de los anticonceptivos hormonales |
| 260 ## - Pie de imprenta | |
| Lugar de publicación, distribución, etc. | Costa Rica |
| 260 ## - Pie de imprenta | |
| Nombre del editor, distribuidor, etc. | Ginita Linda |
| 260 ## - Pie de imprenta | |
| Fecha de publicación, distribución, etc. | 2008 |
| 300 ## - Descripción física | |
| Extensión | 178 páginas |
| 650 ## - Materia general | |
| Temática (materia general) | PLANIFICACIÓN FAMILIAR |
| 650 ## - Materia general | |
| Temática (materia general) | ANTICONCEPTIVOS |
| 650 ## - Materia general | |
| Temática (materia general) | PASTILLAS ANTICONCEPTIVAS |
| 650 ## - Materia general | |
| Temática (materia general) | MINIPILDORAS |
| 650 ## - Materia general | |
| Temática (materia general) | INYECCIONES ANTICONCEPTIVAS |
| 650 ## - Materia general | |
| Temática (materia general) | IMPLANTE ANTICONCEPTIVO |
| 650 ## - Materia general | |
| Temática (materia general) | PARCHE ANTICONCEPTIVO |
| 650 ## - Materia general | |
| Temática (materia general) | ANILLO ANTICONCEPTIVO |
| 942 ## - Punto de acceso adicional KOHA | |
| Tipo de ítem KOHA | Libro |
| Fuente del sistema de clasificación o colocación | Dewey Decimal Classification |
| Signatura completa | Código de barras | Tipo de ítem |
|---|---|---|
| 613.94 F363g | 16974 | Libro |